ՀՀ Գիտությունների ազգային ակադեմիայի հիմնարար գիտական գրադարան  =   Fundamental Scientific Library of NAS RA

Одиночные ионные каналы в биологических мембранах : (Record no. 174879)

MARC details
000 -LEADER
fixed length control field 01266nam a2200193 u 4500
001 - CONTROL NUMBER
control field 000476931
003 - CONTROL NUMBER IDENTIFIER
control field AM-YeHGA
005 - DATE AND TIME OF LATEST TRANSACTION
control field 20250617134018.0
008 - FIXED-LENGTH DATA ELEMENTS--GENERAL INFORMATION
fixed length control field 060227s1989 ||| r 000 0 rus d
040 ## - CATALOGING SOURCE
Original cataloging agency AM-YeHGA
041 0# - LANGUAGE CODE
Language code of text/sound track or separate title rus
090 ## - LOCALLY ASSIGNED LC-TYPE CALL NUMBER (OCLC); LOCAL CALL NUMBER (RLIN)
-- 176321
245 00 - TITLE STATEMENT
Title Одиночные ионные каналы в биологических мембранах :
Remainder of title Всесоюз. симпоз. (26-28 апр. 1989 г., Кара-Даг) : Тез. докл. /
Statement of responsibility, etc. Под ред. Г.Н. Берестовского, В.И. Ильина.
260 ## - PUBLICATION, DISTRIBUTION, ETC.
Place of publication, distribution, etc. Пущино :
Name of publisher, distributor, etc. НЦБИ,
Date of publication, distribution, etc. 1989.
300 ## - PHYSICAL DESCRIPTION
Extent 106 с.
550 ## - ISSUING BODY NOTE
Issuing body note АН СССР, Науч. центр биол. исслед., Науч. совет по комплекс. пробл. "Биол. мембраны", Науч. совет АН СССР по физ. принципам функционирования биол. систем, Ин-т биол. физики АН СССР, Всесоюз. кардиол. центр АМН СССР, Карадаг. отд-ние Ин-та биологии юж. морей АН УССР
653 0# - INDEX TERM--UNCONTROLLED
Uncontrolled term Биологические мембраны - Ионные каналы - Тезисы докладов
700 1# - ADDED ENTRY--PERSONAL NAME
Personal name Берестовский, Г.Н.
Relator term ред.
Relationship edt
Holdings
Withdrawn status Lost status Damaged status Not for loan Collection Home library Current library Date acquired Total checkouts Full call number Barcode Date last seen Price effective from Koha item type Public note
        General Fundamental Scientific Library Fundamental Scientific Library 28/12/2016   577.352.465(043.2) 120610316 28/12/2016 28/12/2016 Գրքեր / Books 30 Days Loan
        General Fundamental Scientific Library Fundamental Scientific Library 28/12/2016   577.352.465(043.2) 120610317 28/12/2016 28/12/2016 Գրքեր / Books 30 Days Loan
        General Fundamental Scientific Library Fundamental Scientific Library 28/12/2016   577.352.465(043.2) 120610318 28/12/2016 28/12/2016 Գրքեր / Books 30 Days Loan


ՀՀ ԳԱԱ հիմնարար գիտական գրադարան
ՀՀ,Երևան 0019
Մարշալ Բաղրամյան 24/6
հեռախոս:(374-10) 52-47-50
Հետադարձ կապ

All site content, except where otherwise noted, is licensed under a
Creative Commons License